The Private Local Posts of the United States (Record no. 1002)
[ view plain ]
| 000 -LEADER | |
|---|---|
| fixed length control field | 00350nam a22001337a 4500 |
| 003 - CONTROL NUMBER IDENTIFIER | |
| control field | OSt |
| 008 - FIXED-LENGTH DATA ELEMENTS--GENERAL INFORMATION | |
| fixed length control field | 150316b xxu||||| |||| 00| 0 eng d |
| 041 ## - LANGUAGE CODE | |
| Language code of text/sound track or separate title | eng |
| 100 1# - MAIN ENTRY--PERSONAL NAME | |
| Personal name | Patton, Donald Scott |
| 245 10 - TITLE STATEMENT | |
| Title | The Private Local Posts of the United States |
| 246 10 - VARYING FORM OF TITLE | |
| Title proper/short title | Vol. I: New York State. |
| 260 ## - PUBLICATION, DISTRIBUTION, ETC. (IMPRINT) | |
| Place of publication, distribution, etc. | London, England |
| Name of publisher, distributor, etc. | Robson Lowe, |
| 300 ## - PHYSICAL DESCRIPTION | |
| Extent | 0 pages |
| Withdrawn status | Lost status | Source of classification or shelving scheme | Damaged status | Not for loan | Collection code | Permanent Location | Current Location | Date acquired | Total Checkouts | Full call number | Barcode | Date last seen | Price effective from | Koha item type | Public note | Copy number |
|---|---|---|---|---|---|---|---|---|---|---|---|---|---|---|---|---|
| Richard Drews | Northern Philatelic Library | Northern Philatelic Library | 03/16/2015 | G3801 .L811 P322 | 1001183 | 06/28/2015 | 06/28/2015 | Books | Vol 1 - New York | |||||||
| Northern Philatelic Library | Northern Philatelic Library | 01/16/2017 | G3801 .L811 P322 | 1002584 | 01/16/2017 | 01/16/2017 | Books | Vol 1 - New York | 2 |